000 00479nam a2200169Ia 4500
005 20250508151025.0
008 008 250505s9999 xx 000 0 eng d
037 _aTextual
040 _aFEDL
_beng
_cFEDL
041 _aeng
_2eng
084 _a649.35, NSA
_qFEDL
245 0 _aImprovised toys for nurseries and refugee camps
260 _aLondon, UK
_bUniversity of London Press
300 _a19p.
942 _cTEXL
_h649.35, NSA
999 _c1327122
_d1327122